00354nam a2200109Ia 4500008004100000082001500041100001800056245005400074942000600128952009700134999001300231240331s9999 xx 000 0 und d a300.1bSEI aSeidler, V. J 0aRecovering the self :bmorality and social theory cL 001040708LaWERCLbWERCLcSSCd2024-03-31l0o 300.1 SEIp3981r2024-03-31w2024-03-31yL c987d987